| 000 | 00606nam a2200181Ia 4500 | ||
|---|---|---|---|
| 005 | 20250923145226.0 | ||
| 008 | 008 250917s9999 xx 000 0 eng d | ||
| 037 | _aTextual | ||
| 040 |
_aDSWL _beng _cDSWL |
||
| 041 |
_aeng _2eng |
||
| 084 |
_aY12-31.251'N69t4, N70 _qDSWL |
||
| 100 |
_aRana, Krian Singh _9833082 |
||
| 245 | 0 |
_aAttitude of Rural Yourth towards some of the important social Institututions _cby Krian Singh Rana |
|
| 260 |
_aDelhi _b School of Social Work _c1970 |
||
| 300 | _a42p. | ||
| 942 |
_cTEXL _hY12-31.251'N69t4, N70 |
||
| 999 |
_c1448658 _d1448658 |
||